Protection of Built Environment against earthquakes (Record no. 113250)

MARC details
000 -LEADER
fixed length control field 02829cam a22002415a 4500
001 - CONTROL NUMBER
control field L154941
008 - FIXED-LENGTH DATA ELEMENTS--GENERAL INFORMATION
fixed length control field 120206s2011 xxk f 000 0 eng d
020 ## - INTERNATIONAL STANDARD BOOK NUMBER
International Standard Book Number 9789400714489
035 ## - SYSTEM CONTROL NUMBER
System control number (Sirsi) u154941
041 0# - LANGUAGE CODE
Language code of text/sound track or separate title eng
245 00 - TITLE STATEMENT
Title Protection of Built Environment against earthquakes
Medium [electronic resource]
260 ## - PUBLICATION, DISTRIBUTION, ETC.
Name of publisher, distributor, etc. Springer Verlag
Date of publication, distribution, etc. 2011
300 ## - PHYSICAL DESCRIPTION
Extent eBook
505 2# - FORMATTED CONTENTS NOTE
Formatted contents note 1 Global Earthquake Model: Community-Based Seismic Risk Assessment -- 2 Frameworks for the Consideration of Ground Motion and Seismic Response Uncertainties in Seismic Performance Assessment -- 3 Design Earthquakes and Conditional Hazard -- 4 Orientation Dependence of Earthquake Ground Motion and Structural Response -- Part II Seismic Performance Assessment, Risk Analysis and Design of Structures -- 5 Some Thoughts on Methods to Compare the Seismic Performance of Alternate Structural Designs -- 6 Static Versus Dynamic Methods of Analysis for Estimating Seismic Performance -- 7 Seismic Design Modification Factors for Steel SMRFs for Uniform Collapse Safety -- 8 Tools and Strategies for the Performance-Based Seismic Assessment of Masonry Buildings -- 9 Explicit Probabilistic Seismic Design of RC Structures Through an Elastic Proxy -- 10 Structural Optimization: An Assessment Approach of Design Procedures Against Earthquake Hazard -- 11 Simplified Estimation of Seismic Risk for Buildings with Consideration of Structural Ageing -- 12 A Toolbox and Web Application for the Seismic Performance Assessment of Buildings -- 13 Recent Advances in the Seismic Analysis and Design of RC Bridges in Slovenia -- 14 A Multi-Platform Simulation Alternative for the Performance-Based Design of Interactive Soil-Bridge Systems -- 15 The Role of Probabilistic Methods in Evaluating the Seismic Risk of Concrete Dams
520 ## - SUMMARY, ETC.
Summary, etc. In order to contribute to the solution of the described issue the Institute of Structural Engineering, Earthquake Engineering and Construction IT organized an International Workshop on Protection of Build Environment Against Earthquakes which took place on August 27 and 28, 2010, in Ljubljana, Slovenia. This book is the result of the aforementioned event and the work of additional researchers that were invited to contribute chapters. The book is in organized in two parts, the first part contains six chapters addressing the seismic hazard, earthquake models and ground motions, while the second part consists of twelve chapters and addresses seismic performance assessment methods, risk analysis and design procedures of structures.
590 ## - LOCAL NOTE (RLIN)
Local note ka ntk
650 24 - SUBJECT ADDED ENTRY--TOPICAL TERM
Topical term or geographic name entry element EBOOK
651 #4 - SUBJECT ADDED ENTRY--GEOGRAPHIC NAME
Geographic name International
690 ## - LOCAL SUBJECT ADDED ENTRY--TOPICAL TERM (OCLC, RLIN)
Topical term or geographic name as entry element Sustainability
9 (RLIN) 6271
700 1# - ADDED ENTRY--PERSONAL NAME
Personal name Dolések, Matjaéz
Relator term Editor
856 40 - ELECTRONIC LOCATION AND ACCESS
Uniform Resource Identifier <a href="https://www.vlebooks.com/">https://www.vlebooks.com/</a>
Public note View on VLEbooks. Logins for members only from [email protected]
942 ## - ADDED ENTRY ELEMENTS (KOHA)
Suppress in OPAC 0
Holdings
Withdrawn status Lost status Source of classification or shelving scheme Damaged status Not for loan Home library Current library Shelving location Date acquired Total Checkouts Full call number Barcode Date last seen Copy number Price effective from Koha item type
    Dewey Decimal Classification     Virtual Virtual Online 06/02/2012   EBOOK 154941-1001 06/08/2019 1 06/08/2019 Book